| 000 | 00000nam##2200000za#4500 |
| 001 | 9.675998 |
| 003 | CaOODSP |
| 005 | 20250403105549 |
| 007 | cr ||||||||||| |
| 008 | 150407|1992||||xxc|||||o f|0| 0 fre|d |
| 040 | |aCaOODSP|bfre |
| 041 | |aeng |
| 041 | |afre |
| 043 | |an-cn--- |
| 086 | 1 |aCS92-316/1992-PDF |
| 245 | 00|aDivisions de recensement et subdivisions de recensement - Ontario |h[ressource électronique] |
| 246 | 1 |iDeuxième titre de série imprimé sur la couverture : |aListes de référence des secteurs de dénombrement |
| 260 | |aOttawa - Ontario : |bStatistique Canada |c1992. |
| 500 | |aPublication du recensement historique numérisé par Statistique Canada. |
| 590 | |a13-04-Supp|b2013-02-13 |
| 691 | 07|aRecensement|2gcpds |
| 710 | 2 |aStatistique Canada. |
| 791 | |tCensus divisions and census subdivisions - Ontario |eeng|w(CaOODSP)9.675997 |
| 856 | 40|ahttp://publications.gc.ca|qPDF|s5.9 Mo|uhttps://publications.gc.ca/collections/collection_2013/statcan/rh-hc/CS92-316-1992.pdf |